000 01097nam a2200301 i 4500
003 EG-GICUC
005 20260121101637.0
008 260101s1974 ua ||||fr|||| 00| 0 ara d
017 _a1974/1900
040 _a EG-GICUC
_bara
_c EG-GICUC
_d EG-GICUC
_erda
041 0 _aara
082 0 4 _221
_a345.4044
_bع ب . د
092 0 4 _221
099 _aLaw1 07 345.4044 ع ب . د 1974
100 0 _aعبدالحميد كمال حشيش
_eمؤلف.
245 1 0 _aدراسات في الوظيفة العامة في النظام الفرنسي/
_cالدكتور عبدالحميد كمال حشيش.
264 1 _aالقاهرة :
_bمكتبة القاهرة الحديثة،
_c1974.
300 _a252 ؛ صفحة
_c24 سم.
336 _2rda content
_atext
337 _2rda media
_aComputer
338 _2rda carrier
_aOnline Resource
546 _aالنص باللغة العربية
650 1 4 _aواجبات الموظف العام
650 1 4 _aالقانون الإداري
856 4 0 _uhttps://fll.law.cu.edu.eg/fulltext/bks/B07-01938.pdf
905 _a77
942 _2ddc
_cBK
_e21
_n0
999 _c53948
_d53948